| 000 | 01674cam a2200385 a 4500 | ||
|---|---|---|---|
| 001 | EDZ0000104446 | ||
| 003 | StDuBDS | ||
| 005 | 20161031105128.0 | ||
| 006 | m||||||||d|||||||| | ||
| 007 | cr ||||||||||| | ||
| 008 | 121017s2011 caua fo| 001|0|eng d | ||
| 020 |
_a9781452275239 (ebook) : _cNo price |
||
| 040 |
_aStDuBDS _beng _cStDuBDS _epn |
||
| 049 | _aAlfaisal Main Library | ||
| 050 | 0 |
_aLB2805 _b.K47 2011 |
|
| 082 | 0 | 4 |
_a371.200973 _223 |
| 100 | 1 | _aKilgore, Sally. | |
| 245 | 1 | 0 |
_aFrom silos to systems _h[electronic resource] : _breframing schools for success / _cSally B. Kilgore, Karen J. Reynolds. |
| 260 |
_aThousand Oaks, Calif. : _bCorwin, _c2011. |
||
| 300 |
_a1 online resource (xiv, 203 p.) : _bill. |
||
| 520 | 8 | _aThere may be multiple factors surrounding student absenteeism but few administrators have the luxury of investigating them all. This book provides specific application steps for engaging all staf in a systematic approach to dealing with the various casues of schoolwide problems. | |
| 521 | _aSpecialized. | ||
| 588 | _aDescription based on print version record. | ||
| 504 | _aIncludes bibliographical references and index. | ||
| 650 | 0 |
_aSchool management and organization _zUnited States. |
|
| 650 | 0 |
_aEducational leadership _zUnited States. |
|
| 650 | 0 |
_aSchool improvement programs _zUnited States. |
|
| 650 | 0 | _aOrganizational effectiveness. | |
| 655 | 7 |
_aElectronic books. _2local |
|
| 700 | 1 | _aReynolds, Karen J. | |
| 710 | 2 | _aSage eBooks | |
| 776 | 0 | 8 |
_iPrint version : _z9781412973083 |
| 856 | 4 | 0 | _uhttp://ezproxy.alfaisal.edu/login?url=http://sk.sagepub.com/books/from-silos-to-systems |
| 942 |
_2lcc _cEBOOKS |
||
| 999 |
_c479919 _d479919 |
||